Normal view
MARC view
- Holtz, Herman
Entry Personal Name
001 - CONTROL NUMBER
- control field: 7194
003 - CONTROL NUMBER IDENTIFIER
- control field: OSt
005 - DATE AND TIME OF LATEST TRANSACTION
- control field: 20170523141536.0
008 - FIXED-LENGTH DATA ELEMENTS
- fixed length control field: 170523|| aca||aabn | a|a d
040 ## - CATALOGING SOURCE
- Original cataloging agency: OSt
- Transcribing agency: OSt
100 ## - HEADING--PERSONAL NAME
- Personal name: Holtz, Herman
670 ## - SOURCE DATA FOUND
- Source citation: Work cat.: (OSt)0: Holtz, Herman, Great promo pieces :, 1988

PORTAL AKMAL
E-MEL JKDM
AKMAL2U
G-BAM
u-PUSTAKA